| 000 | 01366 am a2200397 a 4500 | ||
|---|---|---|---|
| 005 | 20240530124919.0 | ||
| 008 | 100310s2010||||ag a f |||| 001 0 spa d | ||
| 020 | _a9789500602532 | ||
| 041 | _aspa | ||
| 092 |
_c612 _l18 _sDVO |
||
| 100 | 1 |
_aDvorkin, Mario A. _9562 _eDir. |
|
| 245 |
_aBest & Taylor. _bBases Fisiológicas de la Práctica Médica / _cMario A. Dvorkin |
||
| 250 |
_a14a ed. 1a reimp. en español _bIlustrado por Walter García |
||
| 260 |
_aBuenos Aires: _bEditorial Médica Panamericana; _c2010. |
||
| 300 |
_a1164 p. _c28x20 cm. _bil. |
||
| 500 | _aDvorkin, M. A., Cardinali, D. P. y Iermoli, R. H. (Dirs.). (2010). Best & Taylor. Bases fisiológicas de la práctica médica. (14a ed.). Buenos Aires : Editorial Médica Panamericana. | ||
| 590 | _aCompra FACIMED 2009 | ||
| 653 | _aFisiología celular | ||
| 653 | _aFisiología tisular | ||
| 653 | _aFisiología de sistemas | ||
| 653 | _aSistema respiratorio | ||
| 653 | _aSistema cardiovascular | ||
| 653 | _aSistema sanguíneo | ||
| 653 | _aSistema renal | ||
| 653 | _aSistema gastrointestinal | ||
| 653 | _aSistema endocrino | ||
| 653 | _aSistema nervioso | ||
| 700 | 1 |
_aCardinali, Daniel P. _9254 _eDir. |
|
| 700 | 1 |
_aIermoli, Roberto H. _9563 _eDir. |
|
| 930 | _a2067 | ||
| 930 | _a2068 | ||
| 930 | _a2212 | ||
| 930 | _a2213 | ||
| 930 | _a2214 | ||
| 942 |
_2ddc _cBK _03 |
||
| 999 |
_c70 _d70 |
||